25 ciudades más pobladas de Navarra - Estadísticas

Estadísticas generales
  • Esta prueba ha sido intentada 1.457 veces
  • La puntuación promedio es 9 de 25
Estadísticas de respuestas
Pob. Municipio % Correcto
208 k Pamplona
100%
38,4 k Tudela
84%
14,4 k Estella
71%
10,8 k Tafalla
65%
19,5 k Barañáin
46%
21,1 k Burlada
45%
16,1 k Zizur Mayor
41%
7,69 k Alsasua
37%
4,88 k Sangüesa
37%
9,98 k Villava
37%
8,45 k Noáin
33%
11,1 k Berriozar
32%
22,4 k Valle de Egüés
32%
7,73 k Huarte
31%
10,6 k Ansoáin
29%
8,31 k Cintruénigo
27%
7,85 k Baztán
26%
8,64 k Corella
24%
6,49 k San Adrián
22%
4,91 k Lodosa
21%
5,99 k Peralta
21%
4,42 k Viana
21%
4,48 k Castejón
20%
12,8 k Aranguren
19%
7,60 k Berrioplano
18%
No se encontraron pruebas coincidentes
Distribución de puntuación
Porcentaje de gente con cada puntuación
Porcentaje por número respondido
Historial de tus puntuaciones
No has intentado esta prueba.